| 000 | 00379nam a2200145Ia 4500 | ||
|---|---|---|---|
| 008 | 230411s9999 xx 000 0 und d | ||
| 020 | _a978-81-7473-377-1 | ||
| 041 | _aeng | ||
| 082 | _aEC/330/ANA/GOE/B06501 | ||
| 100 | _aAnand N K & Goel Shikha | ||
| 245 | _aHealth Economics | ||
| 260 |
_bAITBS Publishers _aNew Delhi _c2010 |
||
| 300 | _a553p | ||
| 999 |
_c156903 _d156903 |
||